| 000 | 01071nam a22002177a 4500 | ||
|---|---|---|---|
| 003 | DO-CoUTE | ||
| 005 | 20260501154030.0 | ||
| 008 | 260501b dr ||||| |||| 00| 0 spa d | ||
| 020 | _a978-9945-639-42-1 | ||
| 040 |
_aDO-CoUTE _bspa _cDO-CoUTE |
||
| 082 | _aRD 861.44M671h | ||
| 100 | 1 |
_aMir, Pedro _eAutor |
|
| 245 | 1 | 0 |
_aHay un País En el Mundo y otros Poemas / _cPedro Mir |
| 260 |
_aSanto Domingo, República Dominicana ; _bInfodosu, _c2024 |
||
| 300 |
_a117 Paginas : _c23cm, |
||
| 504 | _aIncluye referencia bibliográfica e índice. | ||
| 505 | _aHay un poeta en el mundo llamado Pedro Mir | De sus primeros versos | Hay un país en el mundo | Si alguien quiere saber cuál es mi patria | Domini | Contracanto a Walt Whitman | Elegía deñ 14 de junio | Balada de exiliado | Al portaviones intrépido | Ni un paso atrás | Meditación a orillas de la tarde | Amén de mariposas | Concierto de esperanza para la mano izquierda | El huracán Neruda | A Julia sin lágrimas | ||
| 650 | 4 | _aPoesia | |
| 700 | 1 |
_aPedro Mir _eAutor |
|
| 942 |
_2ddc _cBK |
||
| 999 |
_c24159 _d24159 |
||